Φύλο και συμμετοχή σε προγράμματα εκπαίδευσης ενηλίκων : διπλωματική εργασία [μεταπτυχιακή εργασία]

Saved in:
Bibliographic Details
Main Author: Σιαμέτη, Αγλαϊα
Corporate Author: Πανεπιστήμιο Αιγαίου Σχολή Ανθρωπιστικών Επιστημών Τμήμα Επιστημών της Προσχολικής Αγωγής και του Εκπαιδευτικού Σχεδιασμού Πρόγραμμα Μεταπτυχιακών Σπουδών Φύλο και Νέα Εκπαιδευτικά και Εργασιακά Περιβάλλοντα στην Κοινωνία της Πληροφορίας
Other Authors: Βρυωνίδης, Μάριος (Thesis advisor)
Format: Thesis Book
Language:Greek
Published: 2012
Subjects:
Online Access:http://hdl.handle.net/11610/13922
Tags: Add Tag
No Tags, Be the first to tag this record!

MARC

LEADER 00000cam a2200000 i 4500
001 1/26878
008 130304s2012 gre d
035 |l 10113912 
040 |a GR-MY-UA  |b gre  |e aacr 
041 0 |a gre 
082 0 |a 374  |2 (22) 
100 1 |a Σιαμέτη, Αγλαϊα. 
245 1 0 |a Φύλο και συμμετοχή σε προγράμματα εκπαίδευσης ενηλίκων :  |b διπλωματική εργασία [μεταπτυχιακή εργασία] /  |c Αγλαϊα Σιαμέτη ; επιβλέπων: Μάριος Βρυωνίδης 
260 |c 2012 
300 |a 145 σ.;  |c 30 εκ. 
500 |a Μέλη εξεταστικής επιτροπής: Χρυσή Βιτσιλάκη, Πέρσα Φώκιαλη 
502 |a Διατριβή (μεταπτυχιακή) – Πανεπιστήμιο Αιγαίου, Ρόδος, 2012. 
650 0 0 |a Adult education. 
650 0 0 |a Adult learning. 
650 0 0 |a Continuing education. 
650 0 0 |a Gender identity. 
650 0 0 |a Dissertations, Academic  |z Greece. 
700 1 |a Βρυωνίδης, Μάριος.  |4 ths 
710 1 |a Πανεπιστήμιο Αιγαίου   |b Σχολή Ανθρωπιστικών Επιστημών   |b Τμήμα Επιστημών της Προσχολικής Αγωγής και του Εκπαιδευτικού Σχεδιασμού   |b Πρόγραμμα Μεταπτυχιακών Σπουδών Φύλο και Νέα Εκπαιδευτικά και Εργασιακά Περιβάλλοντα στην Κοινωνία της Πληροφορίας. 
852 |a INST  |b RHODES  |c DIATR  |e 20130304  |h 374 ΣΙΑ  |p 005400034975  |q 005400034975  |t MTXE  |y 23 
852 |a INST  |b RHODES  |c DIATR  |e 20130304  |h 374 ΣΙΑ  |p 005400034976  |q 005400034976  |t MTXE  |y 23 
856 |u http://hdl.handle.net/11610/13922 
901 |a BIBL4-2013-1 
909 |a Ρ  |b 176519 
909 |a Ρ  |b 176520 
924 |a ΣΙΑΜΕΤΗ  |b ΑΓΛΑΪΑ  |y ΡΟΔΟΣ  |z 2012 
970 |z 2013/03/04